Alle Bahnhöfe im Bundesland Mecklenburg-Vorpommern - Statistiken

Allgemein
  • Dieses Quiz wurde 45 mal gespielt
  • Das Durchschnittsergebnis liegt bei 80 aus 249
Antwortstatistiken
Verkehrsverbund Bahnhof % Korrekt
VVW Rostock Hauptbahnhof
86%
- Schwerin Hauptbahnhof
83%
- Wismar
83%
- Greifswald
77%
- Neubrandenburg
77%
- Sassnitz
77%
- Stralsund Hauptbahnhof
77%
- Ostseebad Binz
74%
- Bergen auf Rügen
71%
- Waren (Müritz)
71%
- Anklam
69%
- Parchim
66%
VVW Güstrow
63%
- Pasewalk
63%
VVW Warnemünde
63%
- Bad Kleinen
60%
- Ludwigslust
60%
- Wolgast
60%
- Schwerin Süd
57%
VVW Bad Doberan
54%
- Boizenburg (Elbe)
54%
VVW Bützow
54%
- Demmin
54%
- Neustrelitz Hauptbahnhof
54%
- Ribnitz-Damgarten Ost
54%
- Ribnitz-Damgarten West
54%
- Ueckermünde
54%
- Wolgast Hafen
54%
- Barth
51%
- Grevesmühlen
51%
- Hagenow Land
51%
VVW Laage (Meckl)
51%
VVW Schwaan
51%
- Schwerin-Mitte
51%
- Seebad Ahlbeck
51%
- Seebad Heringsdorf
51%
- Velgast
51%
- Züssow
51%
VVW Graal-Müritz
49%
- Hagenow Stadt
49%
- Burg Stargard (Meckl)
46%
- Grimmen
46%
- Prora
46%
- Prora Ost
46%
- Putbus
46%
VVW Rövershagen
46%
- Altefähr
43%
- Greifswald Süd
43%
- Stralsund Rügendamm
43%
VVW Teterow
43%
- Zinnowitz
43%
- Ahlbeck Grenze
40%
- Dorf Mecklenburg
40%
- Inselstadt Malchow
40%
- Lübstorf
40%
- Malchin
40%
- Miltzow
40%
- Pritzier
40%
- Rehna
40%
- Stralsund-Grünhufe
40%
- Groß Kiesow
37%
- Koserow
37%
- Lietzow (Rügen)
37%
- Mirow
37%
- Moidentin
37%
- Pasewalk Ost
37%
- Peenemünde
37%
- Plau am See
37%
VVW Rostock-Evershagen
37%
VVW Rostock-Lichtenhagen
37%
VVW Rostock-Lütten Klein
37%
- Torgelow
37%
- Trassenheide
37%
- Altentreptow
34%
- Bansin Seebad
34%
VVW Gelbensande
34%
- Grabow (Meckl)
34%
- Jatznick
34%
- Lauterbach Mole
34%
- Lauterbach (Rügen)
34%
- Neustadt-Glewe
34%
VVW Ostseebad Kühlungsborn West
34%
- Rambin (Rügen)
34%
- Samtens
34%
- Schwerin-Görries
34%
- Teschenhagen
34%
- Ventschow
34%
VVW Warnemünde Werft
34%
- Wolgaster Fähre
34%
VVW Bentwisch
31%
- Brahlstorf
31%
- Elmenhorst
31%
VVW Heiligendamm
31%
- Holthusen
31%
- Karlshagen
31%
VVW Kröpelin
31%
- Löcknitz
31%
- Lübz
31%
- Mölln (Meckl)
31%
VVW Ostseebad Kühlungsborn Ost
31%
VVW Rostock Holbeinplatz
31%
VVW Rostock-Marienehe
31%
VVW Rostock Parkstraße
31%
- Sagard
31%
VVW Tessin
31%
- Ueckermünde Stadthafen
31%
- Zarrendorf
31%
- Zempin
31%
- Blankensee (Meckl)
29%
- Buchenhorst
29%
- Crivitz
29%
- Ducherow
29%
- Ferdinandshof
29%
- Gadebusch
29%
- Groß Brütz
29%
- Herrnburg
29%
- Jeeser
29%
- Karlsburg
29%
- Kirchjesar
29%
VVW Lalendorf
29%
VVW Langhagen
29%
- Martensdorf
29%
- Oertzenhof
29%
VVW Papendorf
29%
VVW Priemerburg
29%
- Rastow
29%
- Reuterstadt Stavenhagen
29%
VVW Rostock-Bramow
29%
VVW Rostock Thierfelder Straße
29%
- Saatel
29%
VVW Sanitz (b Rostock)
29%
- Schönberg (Meckl)
29%
- Schwanheide
29%
- Sponholz
29%
- Strasburg (Uckerm)
29%
- Trassenmoor
29%
- Ückeritz
29%
- Wüstenfelde
29%
- Zachun
29%
- Altenwillershagen
26%
- Bannemin-Mölschow
26%
- Blankenberg (Meckl)
26%
VVW Broderstorf
26%
- Cammin (Meckl)
26%
- Göhren (Rügen)
26%
- Grambow
26%
- Heringsdorf Neuhof
26%
- Jabel (Meckl)
26%
- Jasnitz
26%
- Karow (Meckl)
26%
VVW Kavelstorf (b Rostock)
26%
- Kenz
26%
- Kratzeburg
26%
VVW Kronskamp
26%
- Lancken
26%
- Lüblow (Meckl)
26%
- Nossentin
26%
VVW Parkentin
26%
VVW Plaaz
26%
- Plüschow
26%
VVW Pölchow
26%
VVW Reddelich
26%
VVW Roggentin
26%
VVW Rostock-Torfbrücke
26%
VVW Rövershagen Karls Erlebnisdorf
26%
- Schwerin-Lankow
26%
- Schwerin-Margaretenhof
26%
- Wesenberg
26%
- Zerrenthin
26%
- Ahlbeck Ostseetherme
23%
VVW Althof
23%
- Alt Schwerin
23%
- Baabe
23%
- Bobitz
23%
- Eggesin
23%
- Gnevkow
23%
VVW Graal-Müritz Koppelweg
23%
- Groß Quassow
23%
VVW Groß Schwaß
23%
- Holdorf (Meckl)
23%
- Klein Bünzow
23%
VVW Lüssow (Meckl)
23%
VVW Mönchhagen
23%
- Neetzka
23%
VVW Neubukow
23%
- Passow (Meckl)
23%
VVW Rostock-Kassebohm
23%
- Sandförde
23%
- Schwenzin
23%
- Schwerin-Wüstmark
23%
- Strohkirchen
23%
VVW Tessin West
23%
- Utzedel
23%
- Warenshof
23%
VVW Bad Doberan Stadtmitte
20%
- Blumenhagen
20%
- Buddenhagen
20%
- Domsühl
20%
- Dütschow
20%
- Friedrichsruhe (Meckl)
20%
- Gallin
20%
- Grieben (Meckl)
20%
- Groß Laasch
20%
- Hagebök
20%
- Jagdschloß
20%
- Kalsow
20%
- Lüdersdorf (Meckl)
20%
VVW Mistorf
20%
VVW Neu Wokern
20%
- Plate (Meckl)
20%
- Rakow
20%
- Schwerin-Warnitz
20%
- Spornitz
20%
- Steinhausen-Neuburg
20%
- Sternfeld
20%
- Sukow (b Schwerin)
20%
- Sülstorf
20%
VVW Teschow
20%
- Weißer See
20%
- Wittenhagen
20%
- Zirtow-Leussow
20%
VVW Bad Doberan Goethestraße
17%
VVW Groß Lüsewitz
17%
- Hornstorf
17%
VVW Huckstorf
17%
- Kölpinsee
17%
- Lützow
17%
- Neu Pudagla
17%
VVW Ostseebad Kühlungsborn Mitte
17%
- Ruthenbeck
17%
VVW Sandhagen (b Bad Doberan)
17%
VVW Scharstorf
17%
- Schmollensee
17%
VVW Subzin-Liessow
17%
- Schwerin Industriepark (geplant)
14%
- Sellin Ost
14%
- Sellin West
14%
- Hohendorf
11%
- Beuchow
9%
- Binz LB
9%
- Krebssee (geplant)
9%
- Sassnitz Fährhafen
9%
VVW Steilküste/Wittenbeck
9%
- Stubbenfelde
9%
- Garftitz
6%
- Philippshagen
6%
- Posewald
6%
- Seelvitz
6%
- Serams
3%
Keine übereinstimmenden Quizze gefunden
Verteilung der Resultate
Anzahl Personen mit jedem Resultat
Perzentil nach korrekt beantworteten Fragen
Ihre Resultats-Entwicklung
Sie haben dieses Quiz noch nicht gespielt